[Event "Calcutta Goodricke op"]
[Site "Calcutta"]
[Date "1998.02.09"]
[Round "4"]
[White "Ramesh, RB."]
[Black "Sashikiran, Krishnan"]
[Result "0-1"]
[WhiteElo "2345"]
[BlackElo "2470"]

1.Nf3 Nf6 2.c4 g6 3.Nc3 Bg7 4.e4 d6 5.d4 O-O 6.Be2 e5 7.O-O Nh5 8.dxe5 dxe5
9.Qc2 c6 10.c5 Qe7 11.Na4 Nf4 12.Bxf4 exf4 13.Rad1 Nd7 14.Rfe1 Ne5 15.Nxe5 Bxe5
16.b4 Qf6 17.Qb3 Be6 18.Bc4 Bxc4 19.Qxc4 f3 20.g3 Rad8 21.Qb3 g5 22.Re3 g4
23.Red3 h5 24.Qc2 h4 25.Qd2 Rxd3 26.Qxd3 hxg3 27.fxg3 Qh6 28.Nc3 f2+ 29.Kh1 Qh3
30.Nb1 Bxg3  0-1

[Event "Budapest FS02 IM"]
[Site "Budapest"]
[Date "1998.02.13"]
[Round "7"]
[White "Kerek, Csaba"]
[Black "Karatorossian, David"]
[Result "1-0"]
[WhiteElo "2380"]
[BlackElo "2375"]

1.d4 Nf6 2.c4 g6 3.Nc3 Bg7 4.e4 d6 5.Nf3 O-O 6.Be2 e5 7.dxe5 dxe5 8.Qxd8 Rxd8
9.Bg5 c6 10.Nxe5 Re8 11.Rd1 Na6 12.Nf3 Nc5 13.Nd2 h6 14.Be3 Nfxe4 15.Ndxe4 Nxe4
16.Nxe4 Rxe4 17.Rd8+ Kh7 18.Rd2 Re8 19.O-O Be6 20.Rfd1 Bf6 21.h3 Kg7 22.b3 Bg5
23.f4 Bf6 24.Kf2 h5 25.g4 Bh4+ 26.Kg1 Kg8 27.Bd4 Bg3 28.f5 gxf5 29.gxf5 Bxf5
30.Bxh5 Be5 31.Rg2+ Kh7 32.Bxf7 Red8 33.Bd5 cxd5 34.Bxe5 Rg8 35.cxd5 Rxg2+
36.Kxg2 Rg8+ 37.Kf3 Rd8 38.d6 Bd7 39.Ke4 Bc6+ 40.Kf5 Bd7+ 41.Kf6 Re8 42.Re1 Kg8
43.Bc3 Rf8+ 44.Ke7 Rf7+ 45.Kd8 Bc6 46.Rg1+ Kf8 47.Bg7+ Kg8 48.Bf6+  1-0

[Event "Chebanenco mem 1st"]
[Site "Kishinev"]
[Date "1998.02.16"]
[Round "8"]
[White "Aleksandrov, Aleksej"]
[Black "Lanka, Zigurds"]
[Result "1/2-1/2"]
[WhiteElo "2615"]
[BlackElo "2525"]

1.d4 Nf6 2.c4 g6 3.Nc3 Bg7 4.e4 d6 5.Be2 O-O 6.Nf3 e5 7.d5 Nbd7 8.h4 Nc5
9.Nd2 a5 10.h5 c6 11.g4 cxd5 12.cxd5 a4 13.g5 Ne8 14.b4 axb3 15.Nxb3 Bd7
16.hxg6 fxg6 17.Be3 Na4 18.Nxa4 Rxa4 19.Nd2 Qa5 20.Bg4 Rf7 21.Bxd7 Rxd7 22.Qg4 Re7
23.O-O Qxd5 24.Rfc1 Qf7 25.Rc8 d5 26.Bc5 Re6 27.Rb1 b6 28.Bb4 d4 29.Rb3 h5
30.gxh6 Bxh6 31.Nc4 Kg7 32.Rf3 Bf4 33.Nxe5 Rxe5 34.Rxf4 Qe6 35.Qxe6 Rxe6
36.a3 Ra7 37.Rd8 Nf6 38.Rxd4 g5 39.Rf5 Kg6 40.f3 g4 41.Bd2 gxf3 42.Rg5+ Kf7
43.e5 Rd7 44.Be3 Rxd4 45.Bxd4 Ne4 46.Rg4 Rg6 47.Rxg6 Kxg6 48.Bxb6 Kf5 49.Bd4 f2+
50.Kg2 Nd2 51.Kxf2 Nc4 52.a4 Nxe5  1/2-1/2

[Event "Malaga op"]
[Site "Malaga"]
[Date "1998.02.16"]
[Round "4"]
[White "Ridameya, Jose"]
[Black "Cramling, Pia"]
[Result "0-1"]
[WhiteElo "2135"]
[BlackElo "2535"]

1.d4 Nf6 2.Nf3 g6 3.c4 Bg7 4.Nc3 O-O 5.e4 d6 6.Be2 Na6 7.O-O e5 8.d5 Nc5
9.Qc2 a5 10.Bg5 h6 11.Be3 Nh5 12.Ne1 Nf4 13.Nd3 Ncxd3 14.Bxd3 Qg5 15.Bxf4 exf4
16.f3 Be5 17.Kh1 h5 18.Rab1 Qe7 19.Qf2 Kg7 20.Ne2 a4 21.Rfc1 Qf6 22.Rc2 g5
23.c5 g4 24.Qf1 Kh6 25.Ng1 Rg8 26.cxd6 cxd6 27.Qc1 Bd4 28.Be2 g3 29.h3 Bxg1
30.Qxg1 Bxh3 31.gxh3 g2+ 32.Kh2 Qh4 33.Qe1 Rg3 34.Kg1 Qxh3 35.Kf2 Qh4 36.Bd3 g1=Q+
37.Qxg1 Rxg1+ 38.Kxg1 Rg8+ 39.Rg2 Rxg2+ 40.Kxg2  0-1

[Event "Malaga op"]
[Site "Malaga"]
[Date "1998.02.16"]
[Round "4"]
[White "Sparreboom, Willem"]
[Black "Del Rey, Diego"]
[Result "0-1"]
[WhiteElo "2010"]
[BlackElo "2350"]

1.d4 Nf6 2.c4 g6 3.Nc3 Bg7 4.e4 O-O 5.Be2 d6 6.Nf3 e5 7.Bg5 h6 8.Bxf6 Qxf6
9.dxe5 dxe5 10.O-O Na6 11.Nd5 Qd8 12.Qc2 c6 13.Ne3 Qe7 14.a3 f5 15.b4 f4
16.Nd1 g5 17.h3 Nc7 18.Nh2 Ne6 19.c5 Nd4 20.Qa2+ Kh8 21.Bg4 a5 22.Bxc8 Rfxc8
23.Qb2 h5 24.f3 axb4 25.axb4 Rxa1 26.Qxa1 Ne2+ 27.Kf2 Ng3 28.Re1 b6 29.Qc3 bxc5
30.bxc5 Bf8 31.Kg1 Qxc5+ 32.Qxc5 Bxc5+ 33.Nf2 Rb8  0-1

[Event "Szeged TT02 IM"]
[Site "Szeged"]
[Date "1998.02.19"]
[Round "1"]
[White "Kiesekamp, Marcos"]
[Black "Komora, Andrej"]
[Result "1-0"]
[WhiteElo "2165"]
[BlackElo "2290"]

1.d4 Nf6 2.c4 g6 3.Nc3 Bg7 4.e4 d6 5.Nf3 O-O 6.Be2 e5 7.dxe5 dxe5 8.Qxd8 Rxd8
9.Bg5 Re8 10.Nd5 Nxd5 11.cxd5 c6 12.Bc4 cxd5 13.Bxd5 Na6 14.Rc1 Nb4 15.Bc4 Be6
16.Bxe6 Rxe6 17.Rc7 Rb6 18.Be3 Ra6 19.Rxb7 Rxa2 20.O-O a5 21.Rb1 Nc2 22.Bc5 h6
23.h3 Nd4 24.Ba3 a4 25.Ne1 Nb3 26.Nc2 Rc8 27.Ne3 h5 28.Ra7 Nd2 29.Rd1 Nxe4
30.Nd5 Bf8 31.Rxa4 Bxa3 32.Rxa3 Rxa3 33.bxa3 Rc2 34.Nb4 Rb2 35.Re1 Nd2 36.Ra1 Nb3
37.Ra2 Rb1+ 38.Kh2 Rd1 39.a4 Nd2 40.Kg3 g5 41.f3 f5 42.Kf2 Nc4 43.a5 e4 44.fxe4 fxe4
45.a6 Rd8 46.a7 Nb6 47.Nc6 Re8 48.Rb2 Na8 49.Rb7 g4 50.h4 g3+ 51.Ke3 Kf8
52.Nb4 Re7 53.Rb8+ Re8 54.Nd5 Kf7 55.Nf6 Rf8 56.Nxh5 Ke7 57.Rxf8 Kxf8 58.Kxe4  1-0

[Event "Malaga op"]
[Site "Malaga"]
[Date "1998.02.20"]
[Round "8"]
[White "Sparreboom, Willem"]
[Black "Munoz Moreno, Francisco Javier"]
[Result "0-1"]
[WhiteElo "2010"]
[BlackElo "2320"]

1.d4 Nf6 2.c4 d6 3.Nc3 g6 4.e4 Bg7 5.Be2 O-O 6.Nf3 e5 7.O-O Nbd7 8.d5 Nc5
9.Qc2 a5 10.Ne1 Ne8 11.Be3 f5 12.f3 f4 13.Bf2 h5 14.Nd3 b6 15.a3 g5 16.h3 g4
17.fxg4 hxg4 18.hxg4 Qg5 19.b4 Nxd3 20.Qxd3 Nf6 21.c5 bxc5 22.bxc5 Rf7 23.Qh3 Nxg4
24.Qh4 Qg6 25.Qd8+ Bf8 26.Bxg4 Qxg4 27.Bh4 Rg7 28.Rf2 Bb7 29.Qf6 Be7 30.Qxe7 Rxe7
31.Bxe7 dxc5 32.Nb5 Qd7 33.d6 Qxb5 34.dxc7 Qd7 35.Bd8 Rxd8 36.cxd8=Q+ Qxd8
37.Raa2 Bxe4 38.Rad2 Bd3 39.Rf1 Qd5 40.Kh1 Bxf1  0-1

[Event "Malaga op"]
[Site "Malaga"]
[Date "1998.02.21"]
[Round "9"]
[White "Cifuentes Parada, Roberto"]
[Black "Cramling, Pia"]
[Result "1/2-1/2"]
[WhiteElo "2535"]
[BlackElo "2535"]

1.d4 Nf6 2.c4 g6 3.Nc3 Bg7 4.e4 d6 5.Be2 O-O 6.Nf3 e5 7.O-O Na6 8.Be3 Ng4
9.Bg5 Qe8 10.dxe5 dxe5 11.Nd2 f6 12.Bxg4 fxg5 13.Nb3 c6 14.Bxc8 Rxc8 15.Qg4 Qe7
16.Rad1 Rcd8 17.Rxd8 Rxd8 18.Rd1 Kf7 19.h3 Bf6 20.a3 Rxd1+ 21.Qxd1 Qd8 22.Kf1 Qxd1+
23.Nxd1 Bd8 24.Ne3 Bb6 25.Ng4 Ke6 26.Nh2 Nc5 27.Nxc5+ Bxc5 28.Nf3 h6 29.b4 Be7
30.Ke2 a5 31.c5 axb4 32.axb4 Bd8 33.Nd2 b6 34.cxb6 Bxb6 35.f3 Bd4 36.Kd3 Bf2
37.Kc4 Be1 38.Nb3 Kd6 39.Nc5 Bf2 40.Nd3 Be3 41.b5 cxb5+ 42.Kxb5 Bd4 43.Nb4 Bf2
44.Nc6 Be3 45.Nd8 Ke7 46.Nb7 Kd7 47.Na5 Bf2 48.Nc6 Kd6 49.Nd8 Ke7 50.Nb7 Kd7
51.Kc4 Ke6 52.Nc5+ Kd6 53.Nd3 Be3 54.Nb4 Bf2 55.Nd5 Bg1 56.Kb5 h5  1/2-1/2

[Event "Debrecen"]
[Site "Debrecen"]
[Date "1998.02.25"]
[Round "9"]
[White "Daroczy, Sandor"]
[Black "Benedek, Zoltan"]
[Result "1/2-1/2"]
[WhiteElo "2130"]
[BlackElo "2105"]

1.d4 Nf6 2.c4 g6 3.Nc3 Bg7 4.e4 d6 5.Be2 O-O 6.Nf3 e5 7.dxe5 dxe5 8.Qxd8 Rxd8
9.Bg5 Re8 10.h3 c6 11.O-O-O h6 12.Be3 Nh7 13.Ne1 Be6 14.b3 f5 15.f3 Nd7 16.Nd3 Nhf6
17.g4 Kh7 18.Kc2 Bf8 19.Nf2 Nc5 20.Nd3 Nfd7 21.Nxc5 Nxc5 22.Rd2 b6 23.Rhd1 Be7
24.Bg1 Kg7 25.Bd3 Bg5 26.Rg2 Nxd3 27.Rxd3 fxe4 28.Nxe4 Bf4 29.Bh2 Red8 30.Bxf4 exf4
31.Rgd2 Rxd3 32.Rxd3 Kf7 33.Kc3 Ke7 34.Rd4 c5 35.Rd2 Rd8 36.Rxd8 Kxd8 37.a4 a5
38.Kd3 g5 39.Nc3 Kd7 40.Ke4 Bg8 41.Ke5 Bh7 42.Ne4 Bxe4 43.Kxe4 Ke6 44.Kd3 Ke5  1/2-1/2

[Event "Cappelle op"]
[Site "Cappelle la Grande"]
[Date "1998.02.27"]
[Round "8"]
[White "Polak, Tomas"]
[Black "Yuferov, Sergey  N"]
[Result "1-0"]
[WhiteElo "2500"]
[BlackElo "2390"]

1.d4 Nf6 2.c4 g6 3.Nc3 Bg7 4.e4 d6 5.Nf3 O-O 6.Be2 e5 7.d5 a5 8.Bg5 h6 9.Bh4 Na6
10.Nd2 Qe8 11.O-O Nh7 12.Kh1 h5 13.f3 Bh6 14.b3 Bd7 15.a3 Qb8 16.Qc2 Qa7
17.Rae1 Be3 18.Nd1 Bd4 19.Nb1 Nc5 20.Nbc3 f5 21.b4 axb4 22.axb4 Na6 23.exf5 Bxf5
24.Qb3 Qb6 25.Nb5 Kg7 26.Ndc3 Nxb4 27.Qxb4 g5 28.g4 Bd7 29.Bd3 gxh4 30.Bxh7 Bxc3
31.Qb1 Bf5 32.Bxf5 Bxe1 33.Qxe1 Rxf5 34.gxf5  1-0

[Event "Cappelle op"]
[Site "Cappelle la Grande"]
[Date "1998.02.27"]
[Round "8"]
[White "Timoshchenko, Gennadi A"]
[Black "Blehm, Pawel"]
[Result "0-1"]
[WhiteElo "2520"]
[BlackElo "2380"]

1.d4 Nf6 2.Nf3 g6 3.c4 Bg7 4.Nc3 d6 5.e4 O-O 6.Be2 e5 7.Be3 Ng4 8.Bg5 f6
9.Bh4 g5 10.Bg3 Nh6 11.h3 exd4 12.Nxd4 Nc6 13.Nf5 Nxf5 14.exf5 Re8 15.O-O Bxf5
16.c5 dxc5 17.Qb3+ Be6 18.Qxb7 Nd4 19.Ba6 Re7 20.Qe4 f5 21.Qd3 f4 22.Bh2 Kh8
23.Rfe1 Rb8 24.h4 Rxb2 25.hxg5 Bf5 26.Qd1 f3 27.Rxe7 Qxe7 28.Qe1 Ne6 29.Be5 Qxg5
30.g3 h5 31.Bxg7+ Qxg7 32.Rd1 h4 33.Bf1 hxg3 34.Rd8+ Kh7 35.Rd2 Rxd2 36.Qxd2 g2  0-1

[Event "Cappelle op"]
[Site "Cappelle la Grande"]
[Date "1998.02.27"]
[Round "8"]
[White "Naumkin, Igor"]
[Black "Markowski, Tomasz"]
[Result "0-1"]
[WhiteElo "2435"]
[BlackElo "2505"]

1.d4 d6 2.Nf3 g6 3.c4 Bg7 4.Nc3 Nf6 5.e4 O-O 6.Be2 Na6 7.O-O e5 8.d5 Nc5
9.Qc2 a5 10.Bg5 h6 11.Be3 b6 12.Nd2 Bg4 13.h3 Bd7 14.b3 Nh7 15.a3 f5 16.exf5 gxf5
17.f4 Qf6 18.Rac1 exf4 19.Bxf4 Rae8 20.b4 axb4 21.axb4 Na4 22.Nxa4 Rxe2 23.Nc3 Qd4+
24.Kh1 Re7 25.Qd1 Rfe8 26.Qh5 Qd3 27.Rf3 Re1+ 28.Rxe1 Rxe1+ 29.Kh2 Qd4 30.Nf1 Rxf1
31.Rxf1 Qxc3 32.Bxh6 Be5+ 33.Bf4 Kg7 34.Rf3 Qxc4 35.Qh4 Bf6 36.Qg3+ Kf7 37.Ra3 Nf8
38.Ra7 Be7 39.Qf3 Ng6 40.Bg3 f4 41.Bf2 Kg7 42.Qh5 b5 43.Be1 Bf6 44.Bf2 Be5
45.Qf3 Ne7 46.Kh1 Qf1+ 47.Kh2 Nxd5 48.Ra2 Ne7 49.Rc2 Kf8 50.Rxc7 Bc6  0-1

[Event "AUT-chT3 9798"]
[Site "Vorarlberg "]
[Date "1998.02.??"]
[Round "8"]
[White "Blaickner, Dieter"]
[Black "Kuemin, Simon"]
[Result "0-1"]
[WhiteElo "1929"]
[BlackElo "2155"]

1.d4 Nf6 2.Nf3 g6 3.c4 Bg7 4.Nc3 O-O 5.e4 d6 6.Be2 Na6 7.O-O e5 8.d5 Nc5
9.Qc2 a5 10.h3 Nh5 11.Nh2 Nf4 12.Bg4 f5 13.exf5 gxf5 14.Be2 Nxe2+ 15.Qxe2 f4
16.f3 Qg5 17.Kh1 Qg6 18.Ne4 b6 19.Bd2 Bf5 20.Rae1 h5 21.Rg1 Kh7 22.b3 Bh6
23.Nf1 Rg8 24.g4 hxg4 25.hxg4 Nxe4 26.fxe4 Bxg4 27.Nh2 Bxe2 28.Rxg6 Rxg6
29.Rxe2 Rg3 30.Be1 Re3 31.Rxe3 fxe3 32.Kg2 Rg8+ 33.Kf3 Rg1 34.Bh4 e2  0-1

[Event "Manila m"]
[Site "Manila"]
[Date "1998.03.01"]
[Round "11"]
[White "Torre, Eugenio"]
[Black "Antonio, Rogelio Jr"]
[Result "1/2-1/2"]
[WhiteElo "2560"]
[BlackElo "2520"]

1.Nf3 Nf6 2.c4 g6 3.d4 Bg7 4.Nc3 O-O 5.e4 d6 6.Be2 e5 7.d5 a5 8.Bg5 h6 9.Bh4 g5
10.Bg3 Nh5 11.Nd2 Nf4 12.O-O f5 13.exf5 Bxf5 14.Bg4 Bg6 15.Bf3 Na6 16.Be4 Qe8
17.Bxg6 Qxg6 18.Nde4 b6 19.f3 Nc5 20.Qb1 Nxe4 21.Qxe4 Qxe4 22.Nxe4 Nd3 23.Rab1 Nc5
24.Rfe1 Nxe4 25.Rxe4 Kf7 26.Kf2 Ke7 27.Ke2 Kd7 28.b3 Bf6 29.Be1 Be7 30.Bd2 Rfb8
31.a4 h5 32.Rf1 Rg8 33.h3 Raf8 34.Rd1 Rf7 35.Rh1 Bd8 36.Be1 Be7 37.Bd2 Bd8
38.Be3 Be7 39.Rf1 Rff8 40.Bf2 Rf7 41.Rh1 Rff8 42.Be3 Rg6  1/2-1/2

[Event "Belgrade (Women)"]
[Site "Belgrade"]
[Date "1998.03.04"]
[Round "1"]
[White "Prudnikova, Svetlana"]
[Black "Cramling, Pia"]
[Result "0-1"]
[WhiteElo "2420"]
[BlackElo "2535"]

1.Nf3 Nf6 2.c4 g6 3.Nc3 Bg7 4.e4 d6 5.d4 O-O 6.Be2 e5 7.O-O Na6 8.Be3 Ng4
9.Bg5 Qe8 10.dxe5 dxe5 11.h3 h6 12.Bd2 Nf6 13.Be3 Qe7 14.Nd5 Qd8 15.Nxf6+ Qxf6
16.c5 Nb8 17.Qc1 Kh7 18.Rd1 Nc6 19.b3 a6 20.Rb1 Qe7 21.Ne1 f5 22.exf5 gxf5
23.f3 Be6 24.Bc4 Rad8 25.Bxe6 Qxe6 26.Nc2 Ne7 27.Rxd8 Rxd8 28.Qe1 Nd5 29.Rd1 Rd7
30.Kh1 Qg6 31.Bc1 e4 32.fxe4 fxe4 33.Ne3 Nxe3 34.Bxe3 Rd3 35.Rxd3 exd3 36.Qd2 Qe4
37.Kg1 h5 38.g3 Be5 39.Kf2 Kg6 40.b4 Qc4 41.Kg2 Qe4+ 42.Kf2 Kf5 43.a3 Qc4
44.g4+ hxg4 45.hxg4+ Ke4 46.Qe1 Qf7+ 47.Kg1 Qf3 48.Bd2+ Kd5 49.g5 Qg4+  0-1

[Event "Beersheba-St Petersburg"]
[Site "Beersheba"]
[Date "1998.03.05"]
[Round "3"]
[White "Lugovoi, Aleksei"]
[Black "Golod, Vitali"]
[Result "1/2-1/2"]
[WhiteElo "2540"]
[BlackElo "2535"]

1.d4 Nf6 2.c4 g6 3.Nc3 Bg7 4.e4 d6 5.Nf3 O-O 6.Be2 e5 7.d5 a5 8.Bg5 h6 9.Bh4 Na6
10.O-O Bd7 11.Ne1 g5 12.Bg3 Nxe4 13.Nxe4 f5 14.Nc3 f4 15.Nd3 fxg3 16.hxg3 e4
17.Nxe4 Bf5 18.Nc3 Qf6 19.Rc1 Rae8 20.a3 Re7 21.Bg4 Bh7 22.Ne1  1/2-1/2

[Event "CZE-chT 9798"]
[Site "CZE"]
[Date "1998.03.07"]
[Round "8"]
[White "Gross, Stefan"]
[Black "Jurasek, Miroslav"]
[Result "1/2-1/2"]
[WhiteElo "2340"]
[BlackElo "2315"]

1.Nf3 Nf6 2.c4 g6 3.Nc3 Bg7 4.e4 d6 5.d4 O-O 6.Be2 e5 7.d5 Nbd7 8.Bg5 h6
9.Bh4 g5 10.Bg3 Nh5 11.h4 Nxg3 12.fxg3 g4 13.Nh2 h5 14.O-O f5 15.Rxf5 Rxf5
16.exf5 Nc5 17.b4 e4 18.Rc1 Nd3 19.Bxd3 exd3 20.Qxd3 Qf6 21.Ne4 Qd4+ 22.Nf2 Bd7
23.Nf1 a5 24.b5 Re8 25.Rd1 Qe5 26.Qd2 Qxf5 27.Nd3  1/2-1/2

[Event "Budapest FS03 IM"]
[Site "Budapest"]
[Date "1998.03.12"]
[Round "6"]
[White "Senff, Martin"]
[Black "De Gleria, Francesco"]
[Result "1/2-1/2"]
[WhiteElo "2430"]
[BlackElo "2245"]

1.d4 Nf6 2.c4 g6 3.Nf3 Bg7 4.Nc3 d6 5.e4 O-O 6.Be2 e5 7.O-O exd4 8.Nxd4 Re8
9.f3 Nh5 10.g4 Be5 11.gxh5 Bxh2+ 12.Kxh2 Qh4+ 13.Kg1 Qg3+ 14.Kh1 Re5 15.f4 Rxh5+
16.Bxh5 Qh3+  1/2-1/2

[Event "AUT-chT2O 9798"]
[Site "Austria"]
[Date "1998.03.13"]
[Round "13"]
[White "Wukits, Rene"]
[Black "Fusi, Christopher"]
[Result "1/2-1/2"]
[WhiteElo "2240"]
[BlackElo "2225"]

1.d4 Nf6 2.c4 g6 3.Nc3 Bg7 4.e4 d6 5.Be2 O-O 6.Nf3 e5 7.d5 a5 8.O-O Na6 9.Ne1 Nc5
10.Qc2 Nfd7 11.Be3 f5 12.exf5 gxf5 13.f4 Qe7 14.Nf3 Ne4 15.Nxe4 fxe4 16.Ng5 exf4
17.Rxf4 Rxf4 18.Bxf4 Nc5 19.Rf1 h6 20.Nh3 Bxh3 21.gxh3 Qh4 22.Be3 Rf8 23.Rxf8+ Kxf8
24.b3 Be5 25.Kg2 Qf6 26.Bxc5 Qg6+ 27.Bg4 dxc5 28.Qf2+ Kg7 29.Qf5 Qxf5  1/2-1/2

[Event "Budapest FS03 IM"]
[Site "Budapest"]
[Date "1998.03.13"]
[Round "7"]
[White "Bordas, Gyula"]
[Black "Senff, Martin"]
[Result "0-1"]
[WhiteElo "2165"]
[BlackElo "2430"]

1.c4 g6 2.Nc3 Bg7 3.e4 d6 4.d4 Nf6 5.Be2 O-O 6.Nf3 e5 7.O-O Nh5 8.Re1 Nf4
9.h3 Nxe2+ 10.Rxe2 exd4 11.Nxd4 Nd7 12.Nb3 Ne5 13.Qc2 Be6 14.c5 dxc5 15.Nxc5 Bc4
16.Re1 b6 17.Rd1 Qh4 18.Nb3 Rad8 19.Be3 Bd3 20.Qc1 c5 21.Bg5 Qh5 22.Bxd8 Rxd8
23.Nd5 c4 24.f4 Nd7 25.Kh2 Re8 26.Rxd3 cxd3 27.Qc6 Rxe4 28.Qxd7 Qe2 29.Qd8+ Re8
30.Nf6+ Bxf6 31.Qxf6 Rc8 32.Qe5 Qf2 33.Qd4 Qe2 34.Rc1 Rc2 35.Rxc2 dxc2 36.Qc3 Qd1
37.Kg3 a5 38.a4 h5 39.Kf2 Kh7 40.Qe1 Kg7 41.Qe5+ Kg8 42.Qe3 Kh7 43.Qc1 Qd3
44.Nd2 Kg8 45.g3 Kh7 46.Ke1 Qxg3+ 47.Ke2 Qh2+ 48.Kd3 Qxf4 49.Qxc2 Qf5+ 50.Ne4 Qxh3+
51.Kd4 Qf5 52.Qc6 h4 53.Qf6 Qxf6+ 54.Nxf6+ Kh6 55.Ke3 Kg5 56.Nd5 f5 57.Kf3 Kh5
58.Kf4 g5+ 59.Kxf5 h3 60.Ne3 h2 61.Nf1 h1=N 62.Ne3 Nf2 63.b3 Nd3 64.Ke4 Nc5+
65.Kd5 Nxb3 66.Kc6 g4 67.Kxb6 g3 68.Kb5 Kg5 69.Kc4 Kf4 70.Ng2+ Kf3 71.Nh4+ Kg4
72.Ng2 Nc1 73.Kb5 Nb3 74.Kc4 Nd2+ 75.Kb5 Kf3 76.Ne1+ Kf2 77.Nd3+ Ke3  0-1

[Event "AUT-chT2S 9798"]
[Site "Austria"]
[Date "1998.03.14"]
[Round "10"]
[White "Tratar, Marko"]
[Black "Mohr, Georg"]
[Result "1/2-1/2"]
[WhiteElo "2395"]
[BlackElo "2480"]

1.Nf3 Nf6 2.c4 g6 3.Nc3 Bg7 4.e4 d6 5.d4 O-O 6.Be2 e5 7.O-O Nh5 8.g3 Bh3
9.Re1 exd4 10.Nxd4 Nf6 11.Bg5 Re8 12.Qd2 Nc6 13.Nxc6 bxc6 14.Qf4 Qe7 15.c5 Qe5
16.cxd6 cxd6 17.Qxe5 Rxe5 18.Bf4 Ree8 19.Bf3 Rad8 20.Rad1 d5 21.exd5 Nxd5
22.Rxe8+ Rxe8 23.Nxd5  1/2-1/2

[Event "DEN-chT 9798"]
[Site "Denmark"]
[Date "1998.03.14"]
[Round "6"]
[White "Rodgaard, John"]
[Black "Antonsen, Mikkel"]
[Result "1/2-1/2"]
[WhiteElo "2320"]
[BlackElo "2410"]

1.c4 g6 2.Nf3 Bg7 3.d4 Nf6 4.Nc3 d6 5.e4 O-O 6.Be2 e5 7.dxe5 dxe5 8.Qxd8 Rxd8
9.Bg5 Rf8 10.Nd5 Nxd5 11.cxd5 c6 12.Bc4 b5 13.Bb3 Bb7 14.Rc1 a5 15.a3 a4
16.Ba2 Rc8 17.Be3 h6 18.O-O Nd7 19.dxc6  1/2-1/2

[Event "VISA GP"]
[Site "Reykjavik"]
[Date "1998.03.14"]
[Round "5"]
[White "Djurhuus, Rune"]
[Black "Gallagher, Joseph G"]
[Result "0-1"]
[WhiteElo "2510"]
[BlackElo "2490"]

1.d4 Nf6 2.c4 g6 3.Nc3 Bg7 4.e4 d6 5.Be2 O-O 6.Nf3 e5 7.O-O Na6 8.Be3 Ng4
9.Bg5 Qe8 10.h3 h6 11.Bc1 exd4 12.Nxd4 Nf6 13.Bf3 Nh7 14.Re1 Ng5 15.Bg4 Bxg4
16.hxg4 c6 17.Bf4 Rd8 18.Qd2 Nc5 19.Rad1 Qe7 20.f3 Rfe8 21.Bg3 Qf6 22.Qf2 Qe7
23.Re2 Nge6 24.Nf5 gxf5 25.exf5 Qf8 26.fxe6 fxe6 27.Qe1 e5 28.Bf2 b6 29.Bxc5 bxc5
30.Red2 e4 31.Nxe4 Qf4 32.Qh4 Be5 33.Nxc5 Bf6 34.Qh5 Qe3+ 35.Kh1 Qxc5 36.Qg6+ Bg7
37.Rxd6 Rxd6 38.Qxe8+ Bf8 39.Re1 Qxc4 40.Qe3  0-1

[Event "Clarin GP f"]
[Site "Villa Gisell"]
[Date "1998.03.17"]
[Round "11"]
[White "Garcia Palermo, Carlos"]
[Black "Zarnicki, Pablo"]
[Result "1-0"]
[WhiteElo "2475"]
[BlackElo "2515"]

1.Nf3 Nf6 2.c4 g6 3.Nc3 Bg7 4.e4 d6 5.d4 O-O 6.Be2 e5 7.Be3 exd4 8.Nxd4 Re8
9.f3 Nc6 10.Qd2 Nh5 11.O-O-O Nf4 12.Nxc6 Nxe2+ 13.Nxe2 bxc6 14.Bd4 f6 15.Nf4 Qe7
16.h4 Be6 17.h5 g5 18.h6 Bh8 19.Nh5 c5 20.Bc3 Bxc4 21.b3 Bf7 22.Ng3 Qe6 23.Nf5 d5
24.Qxd5 Qxd5 25.exd5 Rad8 26.d6 Be6 27.g4 Bxf5 28.gxf5 cxd6 29.Rhe1 Kf8 30.Rxe8+ Kxe8
31.Ba5 Rd7 32.Re1+ Re7 33.Rxe7+ Kxe7 34.b4 a6 35.Kc2 Kd7 36.bxc5 dxc5 37.Kd3 Kd6
38.a4 Kc6 39.Ke4 Kd6 40.Be1 Kc6 41.Bg3  1-0

[Event "JUG-ch53"]
[Site "Belgrade "]
[Date "1998.03.19"]
[Round "6"]
[White "Damljanovic, Branko"]
[Black "Ilincic, Zlatko"]
[Result "1-0"]
[WhiteElo "2540"]
[BlackElo "2565"]

1.d4 Nf6 2.c4 g6 3.Nc3 Bg7 4.e4 d6 5.Be2 O-O 6.Nf3 e5 7.O-O Nbd7 8.Re1 c6
9.Bf1 exd4 10.Nxd4 Re8 11.Rb1 Ng4 12.h3 Qb6 13.hxg4 Bxd4 14.Be3 Bxe3 15.Rxe3 Ne5
16.Be2 Be6 17.b3 f6 18.Na4 Qc7 19.f4 Nf7 20.Qd4 Qe7 21.Nc3 Bd7 22.Rd1 g5
23.g3 c5 24.Qd2 Bc6 25.Bf3 Rad8 26.Rde1 Kh8 27.Nd5 Qe6 28.Nc7 Qe7 29.Nxe8 Rxe8
30.Qh2 Nd8 31.e5 fxe5 32.Bxc6 Nxc6 33.f5 Qf6 34.Qg2 Re7 35.Qe4 Rf7 36.R3e2 Qd8
37.Rh2 Rf6 38.Qe3 Qg8 39.Kf2 h6 40.Reh1 Qg7 41.Rh5 Kg8 42.a3 a5 43.Qd2 Kf8
44.Qd5 Ke8 45.R1h2 Kd8 46.Qh1 e4 47.Qxe4 Kc7 48.Rh1 Ne5 49.Kg2 Nc6 50.Rf1 Qf7
51.Rhh1 Ne5 52.Rc1 Nc6 53.Rcd1 Ne5 54.Rd5 Nc6 55.Rd2 Ne5 56.Rhd1 Nc6 57.Rf2 Qg8
58.Re2 Qg7 59.Qd5 Ne7 60.Qf3 Nc6 61.Rde1 Rf7 62.Qd5 Rd7 63.Rf1 Qf8 64.f6 Nd8
65.f7  1-0

[Event "JUG-ch53"]
[Site "Belgrade "]
[Date "1998.03.21"]
[Round "8"]
[White "Gligoric, Svetozar"]
[Black "Ivanisevic, Ivan"]
[Result "0-1"]
[WhiteElo "2480"]
[BlackElo "2460"]

1.d4 Nf6 2.c4 g6 3.Nc3 Bg7 4.e4 d6 5.Nf3 O-O 6.Be2 e5 7.O-O c6 8.Re1 exd4
9.Nxd4 Re8 10.Bf1 Ng4 11.h3 Qb6 12.hxg4 Qxd4 13.Qf3 Nd7 14.Be3 Qe5 15.Rad1 Qe7
16.Qg3 Ne5 17.g5 Be6 18.f4 Nxc4 19.Bc1 b5 20.f5 Be5 21.Qf3 Bd7 22.Bxc4 bxc4
23.Rf1 Rab8 24.Rf2 gxf5 25.exf5 d5 26.f6 Qe6 27.Qh5 Kh8 28.Rf3 Rg8 29.Rh3 Qf5
30.Qxf7 Rbf8 31.Qh5 Rxf6 32.Qxh7+ Qxh7 33.Rxh7+ Kxh7 34.gxf6 Bh3 35.Rd2 Bxf6
36.Kf1 Bf5 37.Nd1 Bg5  0-1

[Event "POL-ch"]
[Site "Ksiaz"]
[Date "1998.03.21"]
[Round "9"]
[White "Sosnicki, Michal"]
[Black "Kempinski, Robert"]
[Result "1-0"]
[WhiteElo "2385"]
[BlackElo "2520"]

1.d4 Nf6 2.c4 g6 3.Nc3 Bg7 4.e4 O-O 5.Nf3 d6 6.Be2 Na6 7.O-O e5 8.Bg5 h6
9.Bh4 Qe8 10.Bxf6 Bxf6 11.c5 Be6 12.Bxa6 bxa6 13.dxe5 dxe5 14.Nd5 Qd8 15.Qd3 Rb8
16.Nxf6+ Qxf6 17.Qc3 Qf4 18.Rfe1 f6 19.h3 h5 20.g3 Qh6 21.Kg2 Rb5 22.b3 Rd8
23.Rad1 Qf8 24.Rxd8 Qxd8 25.Qc2 Qd7 26.h4 Qc6 27.Rc1 Rb4 28.Re1 a5 29.Re3 a4
30.Qd2 Rb8 31.b4 a5 32.bxa5 Qxc5 33.Rc3 Qxa5 34.Qc1 Bxa2 35.Rxc7 Bf7 36.Qc6 Rf8
37.Rb7 Qa8 38.Qb6 a3 39.Ra7 Qxe4 40.Rxa3 Qf5 41.Qc6 e4 42.Nd4 Qe5 43.Qc3 Rd8
44.Ra4 Qd5 45.Kh2 Kg7 46.Qe3 Rb8 47.Ne2 Qd1 48.Nc3 Qc2 49.Ra7 Re8 50.Rd7 Kg8
51.Nd5 Qb2 52.Nc3 Qb3 53.Qd4 Qe6 54.Nd5 Kg7 55.Nc7 Qe5 56.Nxe8+ Qxe8 57.Rd6 Qe7
58.Rb6 Bg8 59.Rb4 e3 60.fxe3 Qc7 61.Qb2 Bf7 62.Rb6 Qe7 63.Qd4 Bg8 64.Rd6 Be6
65.Ra6 Bf7 66.Kg1 Qc7 67.Qxf6+ Kh7 68.Qf2 Bc4 69.Ra1 Qe5 70.Ra7+ Kg8 71.Qf4 Qb2
72.Ra8+  1-0

[Event "New York op"]
[Site "New York"]
[Date "1998.03.21"]
[Round "8"]
[White "Atalik, Suat"]
[Black "Comas Fabrego, Luis"]
[Result "1/2-1/2"]
[WhiteElo "2595"]
[BlackElo "2520"]

1.d4 Nf6 2.c4 d6 3.Nf3 g6 4.Nc3 Bg7 5.e4 O-O 6.Be2 Na6 7.O-O e5 8.Be3 Ng4
9.Bg5 Qe8 10.dxe5 dxe5 11.h3 f6 12.Bd2 Nh6 13.Qc1 Nf7 14.c5 c6 15.Na4 Nc7
16.Re1 f5 17.Bc4 f4 18.b4 Be6 19.Nb2 h5 20.Be2 Rd8 21.Nc4 Nb5 22.a4 Nd4 23.Nxd4 Rxd4
24.Qc2 Qe7 25.Nd6 Nxd6 26.cxd6 Qg5 27.Ra3 Rd8 28.b5 R8xd6 29.Bc1 Qd8 30.Rc3 Qa5
31.Ba3 Rd7 32.bxc6 bxc6 33.Bf3 Rxa4 34.Bb2 c5 35.Rd1 Rxd1+ 36.Bxd1 Rd4 37.Be2 c4
38.Kh2 Qb4 39.f3 Kh7 40.Qc1 Qe7 41.Bxc4 Rxc4 42.Rxc4 Bxc4 43.Qxc4 Qb7 44.Bc3 Bf6
45.Kg1 a5 46.Kh2 Bh4 47.Qa2 Bg3+ 48.Kh1 Qb5 49.Qf7+ Kh6 50.Qf8+  1/2-1/2

[Event "Jagodina"]
[Site "Jagodina"]
[Date "1998.03.23"]
[Round "1"]
[White "Nesic, Nebojsa"]
[Black "Arsovic, Zoran"]
[Result "0-1"]
[WhiteElo "2235"]
[BlackElo "2430"]

1.d4 Nf6 2.c4 g6 3.Nc3 Bg7 4.e4 d6 5.Nf3 O-O 6.Be2 Nbd7 7.O-O e5 8.Re1 exd4
9.Nxd4 Re8 10.Bf1 c6 11.Nb3 a5 12.f3 a4 13.Nd4 Qb6 14.Be3 Qxb2 15.Rc1 Qb4
16.Qd2 Qa5 17.Nde2 Ne5 18.Ng3 Be6 19.Rb1 Qc7 20.Red1 Nxc4 21.Bxc4 Bxc4 22.Qxd6 Qxd6
23.Rxd6 Rec8 24.Rd4 b5 25.e5 Nd5 26.Nxd5 Bxd5 27.f4 Bxa2  0-1

[Event "JUG-ch53"]
[Site "Belgrade "]
[Date "1998.03.25"]
[Round "11"]
[White "Djuric, Stefan"]
[Black "Popovic, Petar"]
[Result "1-0"]
[WhiteElo "2520"]
[BlackElo "2525"]

1.c4 g6 2.e4 Bg7 3.d4 d6 4.Nc3 Nf6 5.Nf3 O-O 6.Be2 e5 7.Be3 c6 8.O-O exd4
9.Bxd4 Re8 10.Qc2 Qe7 11.Rfe1 c5 12.Nd5 Nxd5 13.Bxg7 Kxg7 14.cxd5 Nd7 15.a4 Qf6
16.Ra3 Ne5 17.Nd2 Bg4 18.Bb5 Re7 19.h3 Bd7 20.Rf1 g5 21.Bxd7 Rxd7 22.Rg3 Kf8
23.Qc3 Ke7 24.b3 h5 25.Nc4 h4 26.Re3 Rg8 27.Rc1 b6 28.a5 g4 29.Nxe5 dxe5
30.Ree1 Qf4 31.axb6 axb6 32.Ra1 Rd6 33.Ra7+ Kf6 34.Re3 Kg6 35.hxg4 f6 36.b4 Qxg4
37.Qc1 c4 38.b5 f5 39.exf5+ Qxf5 40.Qxc4 Rc8 41.Qxh4 Rc1+ 42.Kh2  1-0

[Event "JUG-ch53"]
[Site "Belgrade "]
[Date "1998.03.26"]
[Round "12"]
[White "Barlov, Dragan"]
[Black "Tosic, Miroslav"]
[Result "1-0"]
[WhiteElo "2490"]
[BlackElo "2505"]

1.Nf3 Nf6 2.c4 g6 3.Nc3 Bg7 4.e4 d6 5.d4 O-O 6.Be2 e5 7.O-O Na6 8.Be3 Qe8
9.dxe5 dxe5 10.Nd2 c6 11.a3 Nd7 12.b4 Nc7 13.c5 Ne6 14.Nc4 Nd4 15.Nd6 Nxe2+
16.Qxe2 Qe7 17.Qd2 Rd8 18.Rad1 Nf8 19.f4 exf4 20.Bxf4 Ne6 21.Bg3 h6 22.e5 Ng5
23.Qf2 Bg4 24.Rde1 Rd7 25.h4 Nh7 26.Nce4 Qd8 27.Qf4 Be6 28.Nf6+ Nxf6 29.exf6 Bf8
30.Rxe6 fxe6 31.Qg4 Bxd6 32.Qxg6+ Kh8 33.f7  1-0